Memoria Escuela de Educación 1998-2008
সংরক্ষণ করুন:
| সংস্থা লেখক: | |
|---|---|
| বিন্যাস: | গ্রন্থ |
| ভাষা: | স্প্যানিশ |
| প্রকাশিত: |
Santiago
Universidad Academia de Humanismo Cristiano
2008
|
| বিষয়গুলি: | |
| ট্যাগগুলো: |
ট্যাগ যুক্ত করুন
কোনো ট্যাগ নেই, প্রথমজন হিসাবে ট্যাগ করুন!
|
MARC
| LEADER | 00000nam a2200000 a 4500 | ||
|---|---|---|---|
| 001 | UCI9758 | ||
| 003 | CL-VaPUC | ||
| 008 | 081204e20080000CL |||||||||||||||||spa|d | ||
| 082 | 0 | 4 | |a 378.483 |b UNI |2 21 |
| 110 | 2 | |a Universidad Academia de Humanismo Cristiano |e author |9 533696 | |
| 245 | 1 | 0 | |a Memoria Escuela de Educación 1998-2008 |
| 300 | |a 47 p | ||
| 942 | |c BK | ||
| 945 | |d 20081204 00:00:00 |a jtorresc | ||
| 260 | |a Santiago |b Universidad Academia de Humanismo Cristiano |c 2008 | ||
| 650 | 7 | |a ESCUELA DE EDUCACION |2 CL-VaPUC |9 336706 | |
| 650 | 0 | |a Memoria |9 266549 | |
| 583 | |a last modification |c 20081204 00:00:00 |k Rodrigo Vera | ||
| 999 | |c 332236 |d 332234 | ||
| 952 | |0 0 |1 0 |4 0 |6 378_483000000000000_UNI_2008 |7 0 |8 P |9 419753 |a BIBEDU |b BIBEDU |c BIBEDU_PB |d 2019-11-22 |i 4502574 |o 378.483 UNI 2008 |p 4502574 |r 2019-11-22 |w 2019-11-22 |y BK |k EDU | ||